| 000 | 00000nam 2200000zi 4500 |
| 001 | 9.956098 |
| 003 | CaOODSP |
| 005 | 20251010115738 |
| 006 | m o d f |
| 007 | cr mn||||||||| |
| 008 | 251008e20240205onc ob f000 0 fre d |
| 040 | |aCaOODSP|bfre|erda|cCaOODSP |
| 043 | |an-cn---|an-cn-qu |
| 086 | 1 |aYM32-10/2011-89-2024F-PDF |
| 100 | 1 |aMcCallum, Martin, |eauteur. |
| 245 | 10|aImmigration : |bl'Accord Canada-Québec / |crévisée par Martin McCallum. |
| 250 | |a[Révisée le 5 février 2024]. |
| 264 | 1|a[Ottawa] : |bBibliothèque du Parlement = Library of Parliament, |c5 février 2024. |
| 264 | 4|c©2024 |
| 300 | |a1 ressource en ligne (iii, 8 pages). |
| 336 | |atexte|btxt|2rdacontent/fre |
| 337 | |ainformatique|bc|2rdamedia/fre |
| 338 | |aressource en ligne|bcr|2rdacarrier/fre |
| 490 | 1 |aÉtudes de la Colline : regards approfondis sur des questions canadiennes ; |vpublication n° 2011-89-F |
| 500 | |aTitre de la couverture. |
| 500 | |aPublié aussi en anglais sous le titre : Immigration : the Canada-Quebec Accord. |
| 500 | |a« [P]réparées par Recherche et éducation, … » -- À propos de cette publication. |
| 504 | |aComprend des références bibliographiques (pages 7-8). |
| 520 | |a« Par rapport aux accords fédéraux-provinciaux ultérieurs, l'Accord Canada-Québec est également le plus ambitieux. En vertu de cet Accord, par exemple, plutôt que de simplement évaluer et désigner certains immigrants économiques pour répondre à des besoins précis du marché du travail et de l'économie, le Québec est seul responsable des critères de sélection et de la sélection à proprement parler des immigrants économiques qu'il accueillera sur son territoire. Le Québec fixe seul, plutôt qu'en consultation avec le gouvernement fédéral, le nombre d'immigrants économiques qu'il accueillera. Le Québec est aussi la seule province à avoir un pouvoir de sélection des réfugiés réinstallés alors que le Canada identifie un bassin de réfugiés à des fins de possible réinstallation. La présente Étude offre une vue d'ensemble de l'Accord. Elle décrit ses objectifs et son contexte constitutionnel, et passe en revue les accords conclus dans le cadre de l'Accord concernant les niveaux d'immigration, le regroupement familial, les réfugiés, les visiteurs, l'accueil et l'intégration des immigrants ainsi que l'administration courante de l'Accord » -- Résumé, page ii-iii. |
| 630 | 06|aAccord Canada-Québec relatif à l'immigration et à l'admission temporaire des aubains |d(1991) |
| 650 | 6|aAccords interprovinciaux (Canada) |
| 651 | 6|aCanada|xÉmigration et immigration|xPolitique gouvernementale. |
| 651 | 6|aQuébec (Province)|xÉmigration et immigration|xPolitique gouvernementale. |
| 710 | 1 |aCanada. |bBibliothèque du Parlement. |bRecherche et éducation, |eorganisme de publication. |
| 775 | 08|tImmigration : |w(CaOODSP)9.956092 |
| 795 | |tImmigration |b[Révisée le 24 juillet 2015]|w(CaOODSP)9.818152 |
| 830 | #0|aÉtudes de la Colline (Canada. Bibliothèque du Parlement)|vn° 2011-89-F.|w(CaOODSP)9.955652 |
| 856 | 40|qPDF|s526 Ko|uhttps://publications.gc.ca/collections/collection_2025/bdp-lop/ym32-10/YM32-10-2011-89-2024-fra.pdf |
| 856 | 4 |qHTML|sS.O.|uhttps://lop.parl.ca/sites/PublicWebsite/default/fr_CA/ResearchPublications/201189E |